000 00901nam a22002771 4500
001 bimo0001405690
003 OSt
005 20150219145354.0
008 960922s1971 sp spa
040 _cBMC
082 _a843
100 1 _aSagan, Françoise
_d1935-2004
_931256
245 1 0 _aObras
_cFrancoise Sagan ; [traducción, Noel Clarasó...et al]
250 _a2ª ed
260 _aEsplugas de Llobregat (Barcelona)
_bPlaza y Janés
_c1971
300 _a762 p., 3 h.
_c15 cm
490 0 _aMensaje
546 _aTraducción de: Bonjour tristesse un certain sourire dans un mois dans un an aimez-vous brahms
650 2 4 _911443
_aNovela francesa
700 1 _aClarasó, Noel
_d1899-1985
_931861
740 0 1 _aDentro de un mes, dentro de un año.
740 0 1 _a¿Le gusta Brahms?.
740 0 1 _aCierta sonrisa.
740 0 1 _aBuenos días, tristeza.
942 _2ddc
_cBK
_hahoj
999 _c18750
_d18750